000 00518nam a2200205Ia 4500
005 20241129110241.0
008 241129s9999||||xx |||||||||||||| ||und||
037 _aTB
040 _aARTS
_beng
_cARTS
041 _aeng
_2urd
084 _aO168,3N55,D Q4
_qARTS
100 _aAnis Ashfaq Au.
_9727573
245 0 _aDukhyare
_cAnis Ashfaq Au.
260 _c2012
300 _a160p.
365 _aINR
_b200
650 _aUrdu Fiction
_93298
942 _cTB
_hO168,3N55,D Q4
999 _c1227890
_d1227890